04549nam a2200433 i 4500001001000000003000900010005001700019007000300036008004100039020001500080040003000095082003100125111007400156245018200230264007200412300005700484336002700541337003300568338002800601490008400629500007300713500005500786505197700841590002702818650008602845650008402931651008803015700005603103700003403159710007803193910003703271942001403308952014203322952015403464952016603618952016603784952014803950999001704098000022283DO-SdBNP20231003121135.0ta090630s2004 dr d r 000 0 spa d a9993430668 aDO-SdBNPbspacBNPHUerda 4a330.97293bC744n, 20032222 aConcurso Biblioteca Juan Pablo Duarted(2003: cSanto Domingo)98432210aNueva literatura económica dominicana :bpremios del concurso "Biblioteca Juan Pablo Duarte", 2003 /cedición, Ramón Pereyra, Betania Corletto ; prólogo, Féliz Calvo. aSanto Domingo :bBanco Central de la República Dominicana,c2004. a372 páginas :bilustraciones, gráficos ;c23 cm. 2rdacontentatextobtxt 2rdamediaasin mediaciónbn 2rdacarrieravolumenbnc0 aBanco Central de la República Dominicanav69aNueva literatura económicav7 aIncluye referencias bibliográficas y notas al pie de las páginas aIncluye bibliografía al final de los capítulos0 aPrólogo -- Agradecimiento -- Desajuste fiscales y su impacto en la cuenta corriente: una aproximación al proceso de ajuste externo de la economía dominicana / Hamlet Gutiérrez M. -- Introducción -- Aspectos teóricos de la cuenta corriente y el enfoque fiscal de la balanza de pagos -- El gasto público dominicano y la situación externa. El caso de la República Dominicana -- El déficit fiscal y su impacto en la cuenta corriente : resultados empíricos --Predominio fiscal y política monetaria en la República Dominicana -- La teoría fiscal del nivel de precios -- Metodologías de identificación de pruebas de predominio fiscal -- Implicaciones del predominio fiscal para la conducción de política monetaria -- Determinantes del tipo de cambio de equiliobrio, presión sobre el mercado cambiario y ataques especulativos en la República Dominicana: evidencia reciente -- Introducción -- Tipo de cambio de equilibrio en la República Dominicana (1990-2003) -- Política monetaria y presión sobre el mercado cambiario (EMP) -- Modelo de ataque especulativo -- Mención de Honor. Mecanismos de transmisión monetaria en la República Dominicana : el traspaso de las evaluaciones del tipo de cambio sobre los niveles de precio --introducción -- Mecanismos de transmisión monetaria : un repaso de la literatura -- Efectos del mecanismo de transmisión del tipo de cambio en la economía dominicana -- Conclusiones -- Mención de honor. Desequilibro de corto plazo y el sobredesbordamientos del tipo de cambio: el caso Baninter perdidas de credibilidad política monetaria-- Introducción -- Equilibrio macroeconómico de corto plazo y tipo de cambio real -- Ineficacia y pérdida de credibilidad de la política monetaria -- Descripción del modelo -- La cuantificación del desequilibrio macroeconómico de corto plazo --La magnitud del desbordamiento cambiario por pérdida de credibilidad y por el caso Baninter. aInventariado, 2018/ YL 4aPolítica monetariazRepública DominicanavCongresos, conferencias, etc.96378 4aPolítica fiscalzRepública DominicanavCongresos, conferencias, etc.946037 4aRepública DominicanaxPolítica económicavCongresos, conferencias, etc.970011 aCorletto de Echavarría, Betania,cedición963831 aSoto, Elvis,cedición963842 aBanco Central de la República Dominicana.b Departamento Cultural97006 aValidado. Control de calidad MFF 2ddccLBS1 00102ddc51708PDaBNPHUbBNPHUcHDd2010-09-21l0oBNPHU PD 330.97293 C744n 2003p22283-10r2020-06-25w2020-06-25yLBS1ZNo se presta 00102ddc56708DSaBNPHUbBNPHUcHDd2010-10-20l0oBNPHU DS 330.97293 C744n 2003p22283-30r2020-06-25te. 3w2020-06-25yLBS1ZPréstamo en sala 00102ddc56708DSaBNPHUbBNPHUcHDd2018-06-08eDonaciónl0oBNPHU DS 330.97293 C744n 2003p22283-40r2020-06-25te. 4w2020-06-25yLBS1ZPréstamo en sala 00102ddc56708DSaBNPHUbBNPHUcHDd2018-07-17eDonaciónl0oBNPHU DS 330.97293 C744n 2003p22283-50r2020-06-25te. 5w2020-06-25yLBS1ZPréstamo en sala 00102ddc51708PDaBNPHUbBNPHUcHDd2010-10-20l0oBNPHU PD 330.97293 C744n 2003p22283-20r2020-06-25te. 2w2020-06-25yLBS1ZNo se presta c21781d21781